000 00472nam a22001817a 4500
005 20251023121349.0
008 251023b |||||||| |||| 00| 0 eng d
037 _cREF
040 _aAL
_cAL
041 _2ENG
_aENG
084 _bAL
245 _aOxford Hindi-English dictionary
260 _bOxford University Press,
_c1993.
300 _a1084p.
365 _b395.00
_cINR
942 _2CC
_cREF
_n0
999 _c1464998
_d1464998